Normal view
MARC view
Entry Personal Name
001 - CONTROL NUMBER
- control field: 767322
003 - CONTROL NUMBER IDENTIFIER
- control field: OSt
005 - DATE AND TIME OF LATEST TRANSACTION
- control field: 20250508155712.0
008 - FIXED-LENGTH DATA ELEMENTS
- fixed length control field: 250508|| aca||aabn | a|a d
040 ## - CATALOGING SOURCE
- Original cataloging agency: OSt
- Transcribing agency: OSt
100 ## - HEADING--PERSONAL NAME
- Personal name: Jain Rishal Chand
670 ## - SOURCE DATA FOUND
- Source citation: Work cat.: (OSt)1358867: Jain Rishal Chand, Analytical study of the educational matter appearing in the Delhi over a period of five months from Ist august, 1970 to 31st december, 1970, 1971
